| 000 | 00781nam a22002537a 4500 | ||
|---|---|---|---|
| 003 | OSt | ||
| 005 | 20220107122811.0 | ||
| 008 | 160506b xxu||||| |||| 00| 0 eng d | ||
| 020 | _a9780521762939 | ||
| 040 | _cIIITMK | ||
| 082 | _a005.133R MAN/D | ||
| 100 |
_aMaindonald, John _99112 |
||
| 245 |
_aData analysis and graphics using R: _bAn example-based approach. _cJohn Maindonald |
||
| 250 | _a3 | ||
| 260 |
_aCambridge, _bCambridge University Press, _c2014 |
||
| 300 | _axxvi, 525p. | ||
| 440 |
_aCambridge series in statistical and probabilist mathematics _99113 |
||
| 650 |
_aSTATISTICS _99114 |
||
| 650 |
_aDATA PROCESSING _99115 |
||
| 650 |
_aR PROGRAMMING LANGUAGE _99116 |
||
| 650 |
_aGRAPHICAL REPRESENTAION _99117 |
||
| 700 |
_aBraun, John _99118 |
||
| 942 |
_2ddc _cBK |
||
| 999 |
_c5105 _d5105 |
||